University Home | Library Home | Institutional Repository

Introduction to the study of soils in tropical and subtropical regions. (Record no. 164931)

MARC details
000 -LEADER
fixed length control field 00755cam3a220024100 4500
001 - CONTROL NUMBER
control field tmp15800639
003 - CONTROL NUMBER IDENTIFIER
control field UPRA
005 - DATE AND TIME OF LATEST TRANSACTION
control field 20190826102832.0
008 - FIXED-LENGTH DATA ELEMENTS--GENERAL INFORMATION
fixed length control field 951102s1970 ne eng u
035 ## - SYSTEM CONTROL NUMBER
System control number (Sirsi) r45276
035 ## - SYSTEM CONTROL NUMBER
System control number (UPRA)tmp15800639
040 ## - CATALOGING SOURCE
Transcribing agency UPRA
100 1# - MAIN ENTRY--PERSONAL NAME
Personal name Buringh, P.
Linkage A2945.1
245 10 - TITLE STATEMENT
Title Introduction to the study of soils in tropical and subtropical regions.
250 ## - EDITION STATEMENT
Edition statement 2nd ed.
260 ## - PUBLICATION, DISTRIBUTION, ETC.
Place of publication, distribution, etc. Wageningen :
Name of publisher, distributor, etc. Centre for Agricultural Pub. and Documentation,
Date of publication, distribution, etc. 1970.
504 ## - BIBLIOGRAPHY, ETC. NOTE
Bibliography, etc. note Includes bibliographical references.
650 #0 - SUBJECT ADDED ENTRY--TOPICAL TERM
Topical term or geographic name entry element Soil science.
Linkage S2079.1
650 #0 - SUBJECT ADDED ENTRY--TOPICAL TERM
Topical term or geographic name entry element Soils -- Tropics.
Geographic subdivision Soils -- Tropics.
Linkage S2080.1
949 ## - LOCAL PROCESSING INFORMATION (OCLC)
a S591
w lcc
i -56563
m MAIN
t BOOK
l ON-SHELF
987 ## - LOCAL ROMANIZATION/CONVERSION HISTORY (OCLC)
Romanization/conversion identifier WITHDRAWN.

No items available.

© 2026 - The University of Zambia Library - Koha v25.11